Central Library OPAC University of Rajshahi

Stoichiometry / (Record no. 17743)

MARC details
000 -LEADER
fixed length control field 00865nam a22002772 4500
001 - CONTROL NUMBER
control field 17743
003 - CONTROL NUMBER IDENTIFIER
rucl marc code BD-RjUL
005 - DATE AND TIME OF LATEST TRANSACTION
control field 20211209000203.0
008 - FIXED-LENGTH DATA ELEMENTS--GENERAL INFORMATION
fixed length control field 140217r1984 xx a 001 0 eng d
035 ## - SYSTEM CONTROL NUMBER
System control number OCLC ocm02323604 from D971118M
-- (BD-RjUL)17801
040 ## - CATALOGING SOURCE
Original cataloging agency DLC
Transcribing agency TOL
Modifying agency BD-RjUL
Language of cataloging eng
041 ## - LANGUAGE CODE
Language code of text/sound track or separate title eng
082 ## - DEWEY DECIMAL CLASSIFICATION NUMBER
Classification number 660.76
Author mark and year BHS 1984
100 1# - MAIN ENTRY--PERSONAL NAME
Personal name Bhatt, B I
Dates associated with a name 1857-
9 (RLIN) 54699
245 10 - TITLE STATEMENT
Title Stoichiometry /
Statement of responsibility, etc. B. I. Bhatt , S.M. Vora
260 ## - PUBLICATION, DISTRIBUTION, ETC. (IMPRINT)
Place of publication, distribution, etc. New Dehil :
Name of publisher, distributor, etc. Tata McGraw-Hill Pub.Com. Ltd.,,
Date of publication, distribution, etc. 1984.
300 ## - PHYSICAL DESCRIPTION
Pagination 558 p. :
Illustrations illus., tables, diagrs. ;
Size 20 cm.
490 1# - SERIES STATEMENT
Series statement Text-books of physical chemistry
500 ## - GENERAL NOTE
General note Includes index.
650 #0 - SUBJECT ADDED ENTRY--TOPICAL TERM
Topical term or geographic name as entry element Chemistry, Physical and theoretical.
9 (RLIN) 54700
700 1# - ADDED ENTRY--PERSONAL NAME
Personal name S M Vora
830 #0 - SERIES ADDED ENTRY--UNIFORM TITLE
Uniform title Text-books of physical chemistry
942 ## - ADDED ENTRY ELEMENTS (KOHA)
Source of classification or shelving scheme Dewey Decimal Classification
Koha item type Books
Holdings
Lost status Source of classification or shelving scheme Damaged status Not for loan Collection code Permanent Location Current Location Shelving location Date acquired Source of acquisition Cost, normal purchase price Total Checkouts Full call number Date last seen Copy number Koha item type
  Dewey Decimal Classification   Not For Loan Non-fiction Central Library, University of Rajshahi Central Library, University of Rajshahi Reading Room 21/07/1988 Manin Bro 12.95   660.76 BHS 1984 17/02/2014 C-1 Books